Creativity in Engineering Education; Ponte; Vol. 73, iss. 2

Библиографические подробности
Источник:Ponte
Vol. 73, iss. 2.— 2017.— [P. 82-86]
Главный автор: Kuimova M. V. Marina Valerievna
Автор-организация: Национальный исследовательский Томский политехнический университет (ТПУ) Физико-технический институт (ФТИ) Кафедра иностранных языков физико-технического института (ИЯФТ)
Другие авторы: Burleigh D. D. Douglas, Rodionov D. A. Dmitry Aleksandrovich
Примечания:Title screen
It is impossible to imagine our technology-based society without engineering. Engineers create the complex objects and systems we use every day. Engineers must be able to view things in new and imaginative ways, and to generate or recognize new ideas. To solve engineering problems today, engineers should use established science and methods as well as innovative, creative approaches. To solve technical problems, engineering graduates must clearly understand the problem and its potential impacts. They must have the ability to think “outside the box” and to solve problems in creative ways. This paper discusses the importance of teaching and encouraging creativity in engineering education as well as methods of developing programs to accomplish this.
Язык:английский
Опубликовано: 2017
Предметы:
Online-ссылка:http://dx.doi.org/10.21506/j.ponte.2017.2.6
Формат: Электронный ресурс Статья
Запись в KOHA:https://koha.lib.tpu.ru/cgi-bin/koha/opac-detail.pl?biblionumber=653906

MARC

LEADER 00000naa0a2200000 4500
001 653906
005 20250228142606.0
035 |a (RuTPU)RU\TPU\network\19421 
035 |a RU\TPU\network\17760 
090 |a 653906 
100 |a 20170404d2017 k||y0rusy50 ba 
101 0 |a eng 
102 |a IT 
135 |a drcn ---uucaa 
181 0 |a i  
182 0 |a b 
200 1 |a Creativity in Engineering Education  |f M. V. Kuimova, D. D. Burleigh, D. A. Rodionov 
203 |a Text  |c electronic 
300 |a Title screen 
330 |a It is impossible to imagine our technology-based society without engineering. Engineers create the complex objects and systems we use every day. Engineers must be able to view things in new and imaginative ways, and to generate or recognize new ideas. To solve engineering problems today, engineers should use established science and methods as well as innovative, creative approaches. To solve technical problems, engineering graduates must clearly understand the problem and its potential impacts. They must have the ability to think “outside the box” and to solve problems in creative ways. This paper discusses the importance of teaching and encouraging creativity in engineering education as well as methods of developing programs to accomplish this. 
461 |t Ponte 
463 |t Vol. 73, iss. 2  |v [P. 82-86]  |d 2017 
610 1 |a электронный ресурс 
610 1 |a труды учёных ТПУ 
610 1 |a творчество 
610 1 |a инженерное образование 
610 1 |a инновационные подходы 
610 1 |a технические специальности 
610 1 |a разработки 
700 1 |a Kuimova  |b M. V.  |c linguist  |c Head of the Department of Tomsk Polytechnic University, Candidate of pedagogical sciences  |f 1976-  |g Marina Valerievna  |3 (RuTPU)RU\TPU\pers\32753  |9 16631 
701 1 |a Burleigh  |b D. D.  |g Douglas 
701 1 |a Rodionov  |b D. A.  |g Dmitry Aleksandrovich 
712 0 2 |a Национальный исследовательский Томский политехнический университет (ТПУ)  |b Физико-технический институт (ФТИ)  |b Кафедра иностранных языков физико-технического института (ИЯФТ)  |3 (RuTPU)RU\TPU\col\18736 
801 2 |a RU  |b 63413507  |c 20170404  |g RCR 
856 4 |u http://dx.doi.org/10.21506/j.ponte.2017.2.6 
942 |c CF